000 01205nam0a2200313 4500
001 RU\NLR\bibl\444077
005 20250623175835.0
010 _a5-89436-100-1
_9500
021 _aRU
_b2003-44783
_92133
035 _a(NLR Aleph) 000437777
090 _a794831
_c794831
100 _a20031007d2003 |||y0rusy50 ca
101 0 _arus
102 _aRU
105 _ay |||||||||
200 1 _aИнститут народного представительства в современной России
_fП.А. Астафичев
_gМ-во образования Рос. Федерации, Орл. гос. ун-т
210 _aОрел
_cОрл. обл. тип. "Труд"
_d2003
215 _a291 с.
_d20
320 _aБиблиогр. в подстроч. прим.
606 0 _aПредставительная власть
_yРоссийская Федерация
_92066060
_3RU\NLR\auth\661240605
686 _aХ620.61
686 _aХ621.011
700 1 _aАстафичев
_bП. А.
_gПавел Александрович
_4070
801 0 _aRU
_bNLR
_c20031007
_gPSBO
801 1 _aRU
_bNLR
_c20031007
830 _aАвт. по кн.
942 _cBOOK
980 _aNB